000 00782nam a2200241Ia 4500
003 GCL
008 140319s9999 xx 000 0 ara d
040 _aGCL /
_cGCL
082 0 4 _aط
_b646
_bم ا
100 1 _aمحمد عبدالفتاح ابراهيم
245 1 0 _aاقمشة من الحقل /
_cمحمد عبدالفتاح ابراهيم
260 _a[S.N] :
_bمكتبة الانجلوالمصرية ،
_c1968
300 _a46 ص
490 _aسلسلة تبسيط العلوم للناشئين
_v0
650 0 4 _aالقصص العربية
650 0 4 _aالاطفال
650 0 4 _aقصص الاطفال
650 0 4 _aالقصص العلمية
650 0 4 _aالمنسوجات
650 0 4 _aالغزل والنسيج
650 0 4 _aالقطن
942 _2ddc
_cBK
999 _c32732
_d32732